Construir, habitar, pensar : perspectivas del arte y la arquitectura contemporánea /

Gespeichert in:
Bibliographische Detailangaben
Weitere Verfasser: Flórez, Fernando Castro (Herausgegeben von)
Format: Buch
Sprache:Spanisch
Englisch
Veröffentlicht: Valencia : IVAM Institut Valencià d´Art Modern, 2008
Ausgabe:1. vydanie
Schlagworte:
Tags: Tag hinzufügen
Keine Tags, Fügen Sie das erste Tag hinzu!

MARC

LEADER 00000nam a22000003a 4500
001 0071808
003 SK-STU
005 20200116154313.8
007 ta
008 190218s ----xo-----e------000-0-----d
020 |a 978-84-482-4944-1 
040 |a STU  |b slo 
041 0 |a spa  |a eng 
044 |a sp 
100 1 |a Flórez, Fernando Castro  |4 edt 
245 1 0 |a Construir, habitar, pensar :  |b perspectivas del arte y la arquitectura contemporánea /  |c ed. Fernando Castro Flórez 
250 |a 1. vydanie 
260 |a Valencia :  |b IVAM Institut Valencià d´Art Modern,  |c 2008 
300 |a 201 s. 
650 0 7 |a súčasná architektúra 
650 0 7 |a Španielsko 
650 0 7 |a vizuálne umenie 
996 |b 284AU07862  |c A* 11121/U  |l AAKNAR  |s A  |a 24  |w 0071808_0001